1901 1593 1581 1343 1673 1575 1633 1365 1222 1611 1794 1726 1152 1723 1904 1210 1662 1559 1882 1688 1584 1321 1013 1013 1592 1504 1913 1956 1420 1710 1303 1126 1724 1208 1587 1159 1159 1388 1166 1408 1025 1142 1141 1003 1777 1885 1633 1045 1696 1962 1150 1455 1601 1481 1245 1525 1801 1208 1767 1503 1925 1624 1398 1915 1924 1377 1998 1382 1676 1367 1753 1191 1560 1495 1611 1871 1385 1093 1164 1877 1885 1161 1087 1482 1407 1683 1741 1713 1273 1628 1205 1420 1993 1372 1522 1244 1504 1289 1951 BCNSPRNW ULIB Ver.6.0+V

เปลี่ยนเป็นภาษาไทย

Change to English
 แสดงรายละเอียดบรรณานุกรม
  กลับหน้าหลัก

Brief Record : Get Marc (ISO 2709) : E-mail record : QR code < ปิดหน้าต่าง
LEADER : 00000nam 2200000uu 4500
001    13399126133
003     ULIB
008    180612s2000||||th 000 0 tha d
020    ^a9780521775311
050 00 ^aPE1128^bC172^cV.2
245 10 ^aCambridge practice tests for IELTS 2
260    ^aCambridge :^bCambridge University Press,^c2000
300    ^a172 p.:^bill. ;^c25 cm.
650 00 ^aInternational English Language Testing System.
650 00 ^aEnglish language^xExaminations, questions, etc.
650 00 ^aEnglish language^xTextbooks for foreign speakers
945    ^p530^l0^i004229
999    ^aวรรณษา ชูชัยมงคล
รายการนี้ยังไม่มีแท็ก
คุณยังไม่ได้ล็อกอิน คุณสามารถมีกิจกรรมร่วมกับเว็บไซต์ได้ แต่ต้องล็อกอินก่อน ::
  ล็อกอิน

รายการสื่อสารสนเทศ

ลำดับที่ ประเภท เลขเรียก/บาร์โค้ด สถานที่ สถานะ
1. วิทยาศาสตร์การแพทย์ และสุขภาพ
หนังสือสำรอง
สถานะ=หนังสือสำรอง
PE1128 C172 V.2 ฉ.1 
  Barcode: 004229
ห้องสมุดวิทยาเขตสวรรค์ประชารักษ์
►หนังสือทั่วไป
บนชั้น

รายการใกล้เคียง
    ชื่อเรื่อง [Cambridge practice tests for IELTS 2]

    หัวเรื่อง [International English Language Testing System.]

BibComment


ยังไม่เคยถูกคอมเมนท์

คอมเมนท์ทรัพยากรรายการนี้
  คอมเมนท์: Cambridge practi..


 Copyright 2026. Bcnsprnw @Library